|
|
|
|
| LEADER |
00000nam0a2200000 4500 |
| 001 |
361406 |
| 005 |
20231102011403.0 |
| 035 |
|
|
|a (RuTPU)RU\TPU\retro\18732
|
| 090 |
|
|
|a 361406
|
| 100 |
|
|
|a 20210604d1979 km y0rusy50 ca
|
| 101 |
0 |
|
|a rus
|
| 102 |
|
|
|a RU
|
| 105 |
|
|
|a af z 001zy
|
| 200 |
1 |
|
|a Стратиграфия и палеогеография отложений верхнего докембрия Южной Якутии
|f А. К. Бобров
|g Академия наук СССР, Сибирское отделение, Якутский филиал, Институт геологии
|
| 210 |
|
|
|a Якутск
|c Якутское книжное изд-во
|d 1979
|
| 215 |
|
|
|a 128 с.
|c ил.
|
| 320 |
|
|
|a Библиогр.: с. 124-128
|
| 606 |
1 |
|
|a Протерозойские отложения
|2 stltpush
|3 (RuTPU)RU\TPU\subj\52851
|9 71240
|
| 606 |
1 |
|
|a Палеогеография
|2 stltpush
|3 (RuTPU)RU\TPU\subj\47964
|9 66847
|
| 610 |
1 |
|
|a стратиграфия
|
| 610 |
1 |
|
|a Южная Якутия
|
| 610 |
1 |
|
|a седиментационные циклы
|
| 610 |
1 |
|
|a Патомское нагорье
|
| 610 |
1 |
|
|a Алданская антеклиза
|
| 610 |
1 |
|
|a корреляции
|
| 675 |
|
|
|a 551.72
|v 4
|
| 686 |
|
|
|a 551.8
|v LBC/SL-A
|2 rubbk
|
| 700 |
|
1 |
|a Бобров
|b А. К.
|g Анатолий Кузьмич
|
| 712 |
0 |
2 |
|a Академия наук СССР
|b Сибирское отделение
|b Якутский филиал
|b Институт геологии
|c (Якутск)
|2 stltpush
|3 (RuTPU)RU\TPU\col\8181
|9 24491
|
| 801 |
|
1 |
|a RU
|b 63413507
|c 20210604
|
| 942 |
|
|
|c BK
|